[Event "Olympiad Women 2024"]
[Site "Budapest HUN"]
[Date "2024.09.19"]
[Round "8.30"]
[Board "1"]
[White "Nassr, Lina"]
[Black "Zherebtsova, Alexandra"]
[Result "0-1"]
[WhiteElo "2010"]
[BlackElo "2239"]
[PlyCount "132"]
[EventDate "2024.09.11"]
[WhiteTeam "Algeria"]
[BlackTeam "Montenegro"]
[WhiteTeamCountry "ALG"]
[BlackTeamCountry "MNE"]

1. c4 e6 2. e4 d5 3. exd5 exd5 4. cxd5 Nf6 5. Bb5+ Nbd7 6. Nc3 Be7 7. Nf3 O-O 8. O-O Nb6 9. d4 Bg4 10. h3 Bh5 11. g4 ({RR} 11. Qd3 a6 12. Bc4 Bxf3 13. gxf3 Qd7 14. Kg2 Nxc4 15. Qxc4 Rad8 16. Be3 Bd6 17. Ne4 Qf5 18. Nxd6 cxd6 19. Rad1 Nxd5 20. Qd3 Qh5 21. Rg1 Rfe8 22. Bd2 Qg6+ 23. Qxg6 hxg6 24. Rge1 f6 25. f4 Kf7 {0-1 Gonultas,B (1593)-Isgandarova,K (2143) ch-TUR w 2024 (6.9)}) 11... Bg6 12. Ne5 Nfxd5 13. Be2 $146 ({RR} 13. Nxg6 hxg6 14. Re1 c6 15. Bf1 Bg5 16. Bg2 Bxc1 17. Qxc1 g5 18. Nxd5 Nxd5 19. Bxd5 Qxd5 20. Re7 Rae8 21. Rxb7 Re2 22. Qf1 Rfe8 23. Rxa7 Qxd4 24. Ra8 Qxb2 25. Rxe8+ Rxe8 26. a4 Qb4 27. a5 Ra8 {1-0 Vagner,T (2192)-Netusil,M (2249) CZE-chT2A 1718 2017 (9.2)}) ({RR} 13. f4 Nxc3 14. bxc3 Be4 15. Bd3 Bxd3 16. Qxd3 c5 17. Be3 Nd5 18. Rab1 Qc7 19. Bd2 f6 20. Qc4 Rfd8 21. Nd3 cxd4 22. Qxc7 Nxc7 23. Rxb7 dxc3 24. Bxc3 Rxd3 25. Rxc7 Rxh3 26. Kg2 Rd3 27. Rf3 Rxf3 {0-1 Ferreira,M (1949)-Zallio,L (2121) Salvador The Best Of Bahia 2015 (7)}) 13... Nxc3 14. bxc3 Be4 15. f3 Bd5 16. c4 Be6 17. d5 Bc8 18. f4 Bc5+ 19. Kh2 f6 20. Nf3 c6 21. dxc6 Qc7 22. a4 a5 23. Nd2 bxc6 24. Nb3 Bb4 25. c5 Nd5 26. Bc4 Be6 27. Qf3 Rab8 28. Ra2 Bf7 29. Rc2 Rfe8 30. Re2 Nc3 31. Bxf7+ Qxf7 32. Rxe8+ Rxe8 33. Nd4 Nxa4 34. Qxc6 Nxc5 35. Rf2 Nd3 36. Rg2 g6 37. Nb5 Qe6 38. Qxe6+ Rxe6 39. Bd2 Rb6 40. Nd4 Bxd2 41. Rxd2 Nxf4 42. Kg3 g5 43. Rc2 Rb4 44. Rc8+ Kf7 45. Rc7+ Ke8 46. Nf3 h5 47. gxh5 Nxh5+ 48. Kf2 Nf4 49. Kg3 a4 50. Ra7 Ng6 51. Nd2 Rd4 52. Nf3 Rf4 53. Ra6 Kf7 54. Ra7+ Ke6 55. Ra6+ Kf5 56. Ra5+ Ne5 57. Nd2 Rd4 58. Nf1 Ke4 59. Kf2 Kd3 60. Ng3 Rf4+ 61. Kg2 Nc4 62. Rd5+ Rd4 63. Rb5 a3 64. Rb8 Rd5 65. Nh1 a2 66. Nf2+ Kc2 0-1

[Event "Olympiad Women 2024"]
[Site "Budapest HUN"]
[Date "2024.09.19"]
[Round "8.30"]
[Board "2"]
[White "Skvortsova, Alena"]
[Black "Latreche, Sabrina"]
[Result "0-1"]
[WhiteElo "2179"]
[BlackElo "2030"]
[PlyCount "134"]
[EventDate "2024.09.11"]
[WhiteTeam "Montenegro"]
[BlackTeam "Algeria"]
[WhiteTeamCountry "MNE"]
[BlackTeamCountry "ALG"]

1. e4 e5 2. Nf3 Nc6 3. Bb5 Nge7 4. Nc3 d6 5. d4 exd4 6. Nxd4 Bd7 7. Be3 Nxd4 8. Qxd4 Bxb5 9. Nxb5 a6 10. Nc3 Nc6 11. Qd2 Be7 12. Nd5 Qd7 13. O-O-O O-O-O $146 ({RR} 13... O-O 14. g4 Rfe8 15. f3 b5 16. h4 Ne5 17. Qg2 Nc4 18. Bg5 f6 19. Bf4 c6 20. Ne3 Nxe3 21. Bxe3 Qe6 22. Kb1 d5 23. Bc1 dxe4 24. Rhe1 exf3 25. Qxf3 Qc8 26. g5 f5 27. Re5 Bf8 28. Rxf5 {1-0 Hebden,M (2417)-Heidenfeld,M (2358) Bunratty Masters 26th 2019 (4)}) 14. Bb6 Qg4 15. h3 Qxg2 16. Rhg1 Qxe4 17. Bxc7 Rde8 18. Rxg7 Qf5 19. Nxe7+ Rxe7 20. Bxd6 Rd7 21. Qf4 Qe6 22. Rg3 Rhd8 23. Rgd3 Qxa2 24. c3 Qe6 25. h4 b5 26. h5 Ne5 27. Bxe5 Rxd3 28. Rg1 Qa2 29. Qg4+ Kb7 30. Bd4 R3xd4 31. cxd4 Rc8+ 32. Kd2 Qxb2+ 33. Ke3 Qc3+ 34. Ke2 Re8+ 35. Kf1 Re1+ 36. Kg2 Qc6+ 37. Kh2 Re4 38. Qf5 Qc7+ 39. Rg3 Rxd4 40. Qxh7 Rh4+ 41. Kg2 Qc6+ 42. Kf1 Qc1+ 43. Ke2 Qb2+ 44. Kf3 Qb3+ 45. Ke2 Qc4+ 46. Kd2 Qd4+ 47. Ke2 Rf4 48. f3 Qb2+ 49. Ke3 Qc1+ 50. Ke2 Qb2+ 51. Ke3 Qe5+ 52. Kf2 Rf5 53. Rg4 Qh2+ 54. Ke3 Qxh5 55. Qxh5 Rxh5 56. Rg7 Rf5 57. Ke4 Rf6 58. f4 Re6+ 59. Kd5 Re7 60. f5 Kb6 61. Rh7 Rd7+ 62. Ke5 b4 63. f6 a5 64. Rh1 b3 65. Ke4 a4 66. Rb1 Kb5 67. Ke3 Kb4 0-1

[Event "Olympiad Women 2024"]
[Site "Budapest HUN"]
[Date "2024.09.19"]
[Round "8.30"]
[Board "3"]
[White "Abdi, Zineb Dina"]
[Black "Milovic, Aleksandra"]
[Result "1/2-1/2"]
[WhiteElo "1915"]
[BlackElo "2121"]
[PlyCount "77"]
[EventDate "2024.09.11"]
[WhiteTeam "Algeria"]
[BlackTeam "Montenegro"]
[WhiteTeamCountry "ALG"]
[BlackTeamCountry "MNE"]

1. e4 d5 2. exd5 Qxd5 3. Nc3 Qd8 4. Nf3 Nf6 5. Bc4 e6 6. d3 Be7 7. O-O O-O 8. Qe2 a6 9. a4 Nc6 10. h3 $146 ({RR} 10. Re1 b6 11. Ne4 Bb7 12. c3 Na5 13. Ba2 c5 14. Neg5 Bxf3 15. Nxf3 Qc8 16. Ng5 Bd6 17. Qf3 Qc6 18. Qh3 c4 19. dxc4 Nxc4 20. Bb1 g6 21. Ne4 Nd5 22. b3 Be5 23. bxc4 Nxc3 24. Nxc3 {1-0 Marimoutou,L (2081)-Guinovart,J (1889) Avoine op 29th 2014 (6)}) 10... h6 11. Re1 Nd4 12. Nxd4 Qxd4 13. Qf3 Rb8 14. Bf4 Qd7 15. a5 Kh7 16. Bb3 Bd6 17. Bxd6 Qxd6 18. Ne4 Nxe4 19. Qxe4+ Kh8 20. Qe5 Bd7 21. Ba4 Rbd8 22. Qxd6 cxd6 23. Bxd7 Rxd7 24. Ra4 d5 25. c3 Rc8 26. f4 Kg8 27. Kf2 Kf8 28. Kf3 Ke7 29. Rb4 Rc5 30. Ra1 Rb5 31. Rxb5 axb5 32. Ke3 Rd6 33. Kd4 Rc6 34. Ra3 Kd6 35. Rb3 Rc5 36. Ra3 Rc6 37. Rb3 Rc5 38. Ra3 Rc6 39. Rb3 1/2-1/2

[Event "Olympiad Women 2024"]
[Site "Budapest HUN"]
[Date "2024.09.19"]
[Round "8.30"]
[Board "4"]
[White "Koljevic, Nikolina"]
[Black "Nassr, Rania"]
[Result "1-0"]
[WhiteElo "2030"]
[BlackElo "1866"]
[PlyCount "79"]
[EventDate "2024.09.11"]
[WhiteTeam "Montenegro"]
[BlackTeam "Algeria"]
[WhiteTeamCountry "MNE"]
[BlackTeamCountry "ALG"]

1. e4 c5 2. Nf3 e6 3. d4 cxd4 4. Nxd4 Nc6 5. Nc3 Nf6 6. Nxc6 dxc6 7. Qxd8+ Kxd8 8. Bg5 Bd6 9. O-O-O Ke7 10. f4 h6 11. e5 hxg5 12. exd6+ Kd7 $146 ({RR} 12... Ke8 13. fxg5 Nd7 14. Be2 b6 15. h4 g6 16. Ne4 Bb7 17. Bf3 c5 18. Nf6+ Nxf6 19. Bxb7 Rb8 20. d7+ Nxd7 21. Bc6 Rd8 22. Rxd7 Rxd7 23. Rd1 Rxh4 24. Rxd7 Kf8 25. Bf3 e5 26. Rxa7 e4 27. Ra4 {1-0 Veiga,E (2106)-Pedroso,D (1849) Florianopolis op 7th 2021 (5)}) 13. fxg5 Nd5 14. Ne4 Rh4 15. Re1 f5 16. gxf6 Nxf6 17. Nxf6+ gxf6 18. Rd1 b5 19. g3 Rh5 20. Bg2 Bb7 21. g4 Rg5 22. Bf3 Rh8 23. h4 Rg6 24. a4 a6 25. b3 Ba8 26. h5 Rgh6 27. Rhf1 c5 28. Bxa8 Rxa8 29. g5 Rxh5 30. Rxf6 Rxg5 31. Rf7+ Kc6 32. Rc7+ Kb6 33. a5+ Kxa5 34. Rb7 Rd5 35. c3 Rd8 36. d7 Rg8 37. Rd2 Rg1+ 38. Kc2 Rg8 39. b4+ cxb4 40. Kb3 1-0

[Event "Olympiad Women 2024"]
[Site "Budapest HUN"]
[Date "2024.09.19"]
[Round "8.31"]
[Board "1"]
[White "Terao, Juliana Sayumi"]
[Black "Paulo, Jemima"]
[Result "1-0"]
[WhiteElo "2161"]
[BlackElo "2037"]
[PlyCount "95"]
[EventDate "2024.09.11"]
[WhiteTeam "Brazil"]
[BlackTeam "Angola"]
[WhiteTeamCountry "BRA"]
[BlackTeamCountry "ANG"]

1. e4 c5 2. Nf3 Nf6 3. e5 Nd5 4. c4 Nb6 5. d4 cxd4 6. Qxd4 Nc6 7. Qe4 d6 8. Nc3 e6 9. Bg5 $146 ({RR} 9. exd6 Bxd6 10. Bg5 f6 11. Rd1 Qe7 12. Be3 Bc5 {½-½ Karlovich,A (2276)-Chistiakova,T (2314) Kharkov Femida (Women) 2006 (8)}) 9... Be7 10. Bxe7 Qxe7 11. exd6 Qxd6 12. a3 O-O 13. Rd1 Qe7 14. Be2 Nd7 15. O-O a6 16. Rfe1 Nf6 17. Qh4 Qc7 18. b4 Ne7 19. Bd3 h6 20. Ne5 b5 21. Rc1 bxc4 22. Qxc4 Qb8 23. Qc5 Ra7 24. Qa5 Bb7 25. Na4 Qd6 26. Qc5 Qd5 27. Bf1 Nc8 28. Red1 Qa2 29. Bc4 Qxa3 30. Ra1 Ne4 31. Qxf8+ Kxf8 32. Rxa3 Ncd6 33. Bf1 Bd5 34. Nc5 Nxc5 35. bxc5 Ne4 36. Rc1 Rc7 37. Rxa6 f6 38. Nd3 Ke7 39. f3 Nd2 40. Nf4 Nb3 41. Re1 Kf7 42. Nxe6 Bxe6 43. Raxe6 Nxc5 44. Rb6 Nd7 45. Rd6 Ne5 46. f4 Ng6 47. g3 Ne7 48. Bd3 1-0

[Event "Olympiad Women 2024"]
[Site "Budapest HUN"]
[Date "2024.09.19"]
[Round "8.31"]
[Board "2"]
[White "Caxita, Esperanca"]
[Black "Librelato, Kathie Goulart"]
[Result "0-1"]
[WhiteElo "1932"]
[BlackElo "2181"]
[PlyCount "108"]
[EventDate "2024.09.11"]
[WhiteTeam "Angola"]
[BlackTeam "Brazil"]
[WhiteTeamCountry "ANG"]
[BlackTeamCountry "BRA"]

1. e4 c5 2. Nc3 Nc6 3. Nf3 g6 4. g3 Bg7 5. Bg2 d6 6. d3 e6 7. O-O Nge7 8. Be3 O-O 9. Qd2 Nd4 10. Bh6 Bxh6 11. Qxh6 f6 12. Nxd4 cxd4 13. Ne2 e5 14. c3 dxc3 15. Nxc3 $146 ({RR} 15. bxc3 Be6 16. Rfb1 Qd7 17. Rb2 Rfc8 18. Rab1 b6 19. c4 Nc6 20. a3 Nd8 21. Nc3 Rc5 22. Nd5 Bxd5 23. exd5 Nf7 24. Qh3 Qxh3 25. Bxh3 f5 26. Bg2 Rac8 27. Kf1 Ra5 28. Rb3 Nd8 29. f4 exf4 {½-½ Roehrich,S (2196)-Arizmendi Martinez,J (2445) Oz.com qual blitz 2000 (1)}) ({RR} 15. bxc3 Bg4 16. Rfe1 Qd7 17. d4 Qc7 18. Bh3 Qc8 19. Bxg4 Qxg4 20. Qe3 f5 21. dxe5 dxe5 22. exf5 Rxf5 23. Nd4 exd4 24. Qe6+ Kh8 25. Qxe7 Qf3 26. cxd4 Qxf2+ 27. Kh1 Qf3+ 28. Kg1 Qf2+ 29. Kh1 Rh5 {½-½ Zakic,S (2366)-Arsovic,Z (2452) SCG-chT Premier League 2004 (3)}) 15... Be6 16. Rac1 Rc8 17. Qe3 Qa5 18. a3 Nc6 19. Ne2 Qb5 20. Qd2 Na5 21. Rxc8 Rxc8 22. Rc1 Rxc1+ 23. Nxc1 Nc6 24. Ne2 Bg4 25. Nc3 Qb3 26. h3 Be6 27. Ne2 Qa4 28. Bf1 Kg7 29. Qc1 a5 30. Kg2 Qb3 31. Qd2 d5 32. Kh2 f5 33. Bg2 fxe4 34. dxe4 d4 35. Nc1 Qb5 36. f4 Bc4 37. Bf3 a4 38. fxe5 Qxe5 39. Nd3 Bxd3 40. Qxd3 Qc5 41. Bd1 Ne5 42. Qd2 b5 43. Qf2 Qc4 44. Qf4 Qc5 45. Qf2 Qd6 46. Kg2 Nc4 47. Kf1 Ne3+ 48. Ke1 Qc6 49. Qf3 Qc1 50. Qe2 Qxd1+ 51. Qxd1 Nxd1 52. Kxd1 Kf6 53. Ke2 Ke5 54. Kf3 h6 0-1

[Event "Olympiad Women 2024"]
[Site "Budapest HUN"]
[Date "2024.09.19"]
[Round "8.31"]
[Board "3"]
[White "Alboredo, Julia"]
[Black "Pires, Luzia"]
[Result "1-0"]
[WhiteElo "2127"]
[BlackElo "1877"]
[PlyCount "143"]
[EventDate "2024.09.11"]
[WhiteTeam "Brazil"]
[BlackTeam "Angola"]
[WhiteTeamCountry "BRA"]
[BlackTeamCountry "ANG"]

1. e4 c5 2. Nf3 Nc6 3. Bb5 d6 4. O-O e5 5. c3 Bg4 6. h3 Bh5 ({RR} 6... Bxf3 7. Qxf3 Be7 8. Rd1 Nf6 9. d4 cxd4 10. cxd4 exd4 11. Rxd4 O-O 12. Bxc6 bxc6 13. Nc3 Qb6 14. Qd1 Rfd8 15. Na4 Qb7 16. Bf4 c5 17. Rc4 Nxe4 18. Qe2 d5 19. Rc2 Rac8 20. Re1 Bf6 21. f3 {0-1 Buchenau,F (2174)-Chor,K (1966) Titled Tue 30th Jul Late 2024 (4)}) 7. d3 ({RR} 7. d4 cxd4 8. cxd4 exd4 9. g4 Bg6 10. Nxd4 Nge7 11. Nc3 a6 12. Ba4 h5 13. Bg5 f6 14. Bf4 Rc8 15. Ne6 Qd7 16. Qxd6 hxg4 17. Qxd7+ Kxd7 18. Nc5+ {1-0 Lukin,A (2470)-Kozlov,V (2375) Yaroslavl 1990}) 7... h6 $146 ({RR} 7... Nf6 8. Re1 Be7 9. Nbd2 O-O 10. Nf1 Nd7 11. Ng3 Bg6 12. Bc4 Kh8 13. d4 f5 14. exf5 Bxf5 15. Nxf5 Rxf5 16. Be6 Rf8 17. Bxd7 Qxd7 18. dxe5 d5 19. e6 Qd6 20. Bg5 Rf5 21. Bxe7 Nxe7 22. Re3 {1-0 Clot Chico,A (2032)-Vidal Palou,J (1624) Figueres Region-ch 2021 (2)}) ({RR} 7... Nf6 8. Nbd2 Be7 9. Re1 O-O 10. Nf1 Qb6 11. Ba4 Rad8 12. Ng3 Bg6 13. Nh4 d5 14. Nxg6 hxg6 15. Qe2 d4 16. Bc2 dxc3 17. bxc3 Qc7 18. Rb1 Rc8 19. h4 c4 20. dxc4 Na5 21. h5 gxh5 22. Nxh5 {1-0 Sergienko,S (2335)-Cramling Bellon,A (2035) Titled Tuesday intern op 02nd Feb blitz 2021 (7)}) ({RR} 7... Be7 8. Nbd2 Nf6 9. Re1 O-O 10. Nf1 a6 11. Ba4 b5 12. Bc2 c4 13. Ng3 cxd3 14. Nxh5 dxc2 15. Nxf6+ Bxf6 16. Qxc2 Rc8 17. Be3 Re8 18. Rad1 Qc7 19. Rd2 h6 20. Red1 Red8 21. Qb3 Na5 22. Qc2 {1-0 Martin,N (1639)-Rahnama,M (1754) FRA-ch Blitz Online Qual 2020 (8)}) 8. a4 a6 9. Bc4 Nge7 10. Nxe5 Nxe5 11. Qxh5 Nxc4 12. dxc4 Nc6 13. Na3 Be7 14. Nc2 Na5 15. Ne3 O-O 16. Rd1 Bg5 17. e5 Nb3 18. Rb1 Qe8 19. exd6 Qe4 20. Nd5 Nxc1 21. Rbxc1 Bxc1 22. Rxc1 Rfd8 23. Ne7+ Kf8 24. Qxc5 Qd3 25. Nf5 Qd2 26. Rf1 Qf4 27. g3 Qg5 28. Rd1 Rac8 29. Qe5 Rd7 30. c5 Re8 31. Qd5 Qf6 32. Ne7 Qe6 33. Qd3 g6 34. Qd4 f6 35. Nxg6+ Kg7 36. Nf4 Qe5 37. b4 Qxd4 38. Rxd4 Re1+ 39. Kg2 Rc1 40. Nd5 Kg6 41. b5 axb5 42. axb5 Kf5 43. Nb6 Rd8 44. c6 bxc6 45. bxc6 Rxc3 46. c7 Rxd6 47. Rxd6 Rxc7 48. Nd7 Ra7 49. Rxf6+ Ke4 50. Rf4+ Kd5 51. Nf6+ Ke6 52. Ng4 h5 53. Nf6 Ra5 54. h4 Rb5 55. Ne4 Rb8 56. f3 Rb2+ 57. Kf1 Ra2 58. Rf6+ Ke5 59. Rd6 Rb2 60. Rd2 Rb8 61. Ke2 Rb3 62. Ra2 Rb5 63. Kd3 Rd5+ 64. Ke3 Rb5 65. f4+ Ke6 66. Ra6+ Ke7 67. Nc3 Rb3 68. Kd4 Kf7 69. f5 Rb4+ 70. Ke5 Rg4 71. Ra7+ Kf8 72. Ne4 1-0

[Event "Olympiad Women 2024"]
[Site "Budapest HUN"]
[Date "2024.09.19"]
[Round "8.31"]
[Board "4"]
[White "Felicidade, Felicia"]
[Black "Tamarozi, Isabelle"]
[Result "0-1"]
[WhiteElo "1742"]
[BlackElo "2059"]
[PlyCount "146"]
[EventDate "2024.09.11"]
[WhiteTeam "Angola"]
[BlackTeam "Brazil"]
[WhiteTeamCountry "ANG"]
[BlackTeamCountry "BRA"]

1. e4 c5 2. Nf3 g6 3. c4 Nc6 4. d4 cxd4 5. Nxd4 Nf6 6. Nc3 d6 7. Be2 Bg7 8. Be3 O-O 9. Rc1 Bd7 10. f3 Nxd4 11. Bxd4 a5 12. O-O Bc6 13. Qd2 Nd7 14. Rfd1 Bxd4+ 15. Qxd4 Qb6 16. b3 Qxd4+ 17. Rxd4 Nc5 18. Nd5 Bxd5 19. Rxd5 $146 ({RR} 19. cxd5 Rfb8 20. Bb5 Rd8 21. Kf1 Kf8 22. Ke2 b6 23. g3 e5 24. Rdc4 Ra7 25. R1c3 f5 26. a3 fxe4 27. fxe4 Kg7 28. b4 axb4 29. axb4 Ra2+ 30. Rc2 Rxc2+ 31. Rxc2 Nb3 32. Rc7+ Kf6 33. Rd7 Rxd7 {½-½ Broca Jimenez,F (2075)-Rangel,D (2196) Titled Tuesday intern op 28th Dec blitz 2021 (4)}) 19... f6 20. Rcd1 Ra6 21. R1d2 Kf7 22. g3 Rb6 23. Bd1 Ra8 24. a3 Rc8 25. Rb2 e6 26. Rd4 e5 27. Rd5 Ke7 28. Kf2 Na4 29. Rbd2 Nc5 30. Rb2 Ne6 31. Rdd2 Nd4 32. Ke3 Nc6 33. f4 f5 34. g4 fxe4 35. Kxe4 Rf8 36. fxe5 dxe5 37. Be2 Rf4+ 38. Ke3 Nd4 39. Bd1 h6 40. Rf2 g5 41. h3 Rbf6 42. Rh2 Rf1 43. Be2 Ra1 44. a4 Rb6 45. h4 Rxa4 46. hxg5 hxg5 47. Rh5 Rab4 48. Rxg5 Rxb3+ 49. Rxb3 Rxb3+ 50. Bd3 Kf6 51. Rg8 Ne6 52. Kd2 Nc5 53. Bc2 Rb4 54. Rg6+ Kf7 55. Rg5 Nd7 56. Rf5+ Ke7 57. Kc3 Rb6 58. Ba4 Re6 59. Bb3 Nc5 60. Bc2 b6 61. g5 e4 62. Kb2 a4 63. Ka3 e3 64. Rf1 e2 65. Re1 Re3+ 66. Ka2 Ne6 67. Bxa4 Nxg5 68. Bc6 Ne6 69. Kb2 Nd4 70. Bd5 Kd6 71. Kc1 b5 72. Kd2 Re5 73. Bg8 Nf3+ 0-1

[Event "Olympiad Women 2024"]
[Site "Budapest HUN"]
[Date "2024.09.19"]
[Round "8.32"]
[Board "1"]
[White "Cordero, Daniela"]
[Black "Keinanen, Anastasia"]
[Result "1/2-1/2"]
[WhiteElo "2017"]
[BlackElo "2212"]
[PlyCount "134"]
[EventDate "2024.09.11"]
[WhiteTeam "Bolivia"]
[BlackTeam "Finland"]
[WhiteTeamCountry "BOL"]
[BlackTeamCountry "FIN"]

1. d4 Nf6 2. Nf3 g6 3. c4 Bg7 4. g3 O-O 5. Bg2 d6 6. O-O Ne4 7. Nfd2 ({RR} 7. Qc2 f5 8. Nbd2 Nxd2 9. Bxd2 e5 10. dxe5 dxe5 11. Bb4 Re8 12. Rad1 Qf6 13. Bc3 Nc6 14. Ne1 Qe7 15. Bd5+ Kh8 16. Nf3 Nb4 17. Qb3 Na6 18. Ne1 e4 19. Bxg7+ Qxg7 20. c5 c6 21. Bc4 Nxc5 {1-0 Caruana,F (2835)-Firouzja,A (2728) Carlsen Inv Prelim rapid 2020 (4.4)}) 7... Nxd2 8. Qxd2 e5 $146 ({RR} 8... Nc6 9. e3 e5 10. d5 Ne7 11. Nc3 f5 12. f4 e4 13. h4 a6 14. b3 h6 15. Bb2 Qe8 16. b4 Bd7 17. Rfd1 g5 18. hxg5 hxg5 19. Kf2 Qg6 20. Rh1 Kf7 21. Ne2 Rh8 22. Bxg7 Qxg7 23. Rac1 {0-1 Kamilov,L (2220)-Makarov,K Moscow Beliaev Memorial 7th 2006 (5)}) ({RR} 8... f5 9. Nc3 a5 10. e4 e5 11. dxe5 dxe5 12. Qxd8 Rxd8 13. Nd5 Nc6 14. Nxc7 Rb8 15. Nd5 Be6 16. Bg5 Rd7 17. Rad1 Kf7 18. Nb6 Rd4 19. Be3 Rxd1 20. Rxd1 Bf8 21. b3 Bb4 22. Nd7 Re8 23. exf5 {½-½ Urbina Perez,J (2266)-Sala,G (2011) Titled Tue 1st Aug Late 2023 (10)}) ({RR} 8... Nc6 9. d5 Ne5 10. Qc2 c6 11. dxc6 bxc6 12. Bd2 Bf5 13. Qa4 Qb6 14. Bc3 Rab8 15. Nd2 c5 16. Rac1 Bd7 17. Qc2 a5 18. h3 Nc6 19. Bxg7 Kxg7 20. Qc3+ f6 21. b3 Nd4 22. Rfe1 Qb4 23. e3 {0-1 Fridman,D (2622)-Sargsyan,S (2601) PRO League Stage rapid 2020 (4)}) ({RR} 8... Nc6 9. d5 Ne5 10. Na3 e6 11. Qc2 exd5 12. cxd5 Bf5 13. e4 Bg4 14. f4 Nd7 15. h3 Bd4+ 16. Kh2 Nf6 17. hxg4 Nxg4+ 18. Kh1 Qd7 19. Qd1 Bc5 20. Qf3 f5 21. Bh3 h5 22. exf5 Qxf5 23. Kg2 {0-1 Pajeken,J (2461)-Remolar Gallen,J (2305) Titled Tuesday intern op 06th Sep Early blitz 2022 (8)}) 9. dxe5 dxe5 10. Rd1 Qxd2 11. Bxd2 c6 12. Bb4 Re8 13. Nc3 f5 14. e4 Be6 15. b3 Nd7 16. Bd6 Bf8 17. Rd2 a5 18. Na4 Bxd6 19. Rxd6 Kf8 20. Rad1 Ke7 21. c5 Rad8 22. Bh3 Nf6 23. f3 b5 24. Nc3 Rxd6 25. Rxd6 Rc8 26. exf5 gxf5 27. a3 Ne8 28. Rd2 Rd8 29. Rxd8 Kxd8 30. Ne4 fxe4 31. Bxe6 exf3 32. Kf2 e4 33. Bf5 Nf6 34. g4 h6 35. h4 Ke7 36. g5 hxg5 37. hxg5 Nd7 38. b4 axb4 39. axb4 Nb8 40. Bxe4 Na6 41. Bxc6 Nxb4 42. Bxb5 Ke6 43. Kxf3 Kf5 44. Ke3 Nd5+ 45. Kd4 Ne7 46. Bd7+ Kxg5 47. Ke5 Kg6 48. Be8+ Kg5 49. Bf7 Nc6+ 50. Kd5 Nd8 51. Be8 Kf6 52. Bb5 Ke7 53. Ba4 Ne6 54. c6 Nc7+ 55. Kc5 Ne6+ 56. Kb6 Kd6 57. Bd1 Nc7 58. Bb3 Ne8 59. Bc4 Nc7 60. Bf7 Na8+ 61. Kb7 Nc7 62. Bc4 Ne8 63. Be2 Nc7 64. Bh5 Nd5 65. Bf7 Nc7 66. Bg6 Ne6 67. Be8 Nd8+ 1/2-1/2

[Event "Olympiad Women 2024"]
[Site "Budapest HUN"]
[Date "2024.09.19"]
[Round "8.32"]
[Board "2"]
[White "Paasikangas, Johanna"]
[Black "Monroy G., Nataly A."]
[Result "1-0"]
[WhiteElo "2058"]
[BlackElo "1939"]
[PlyCount "159"]
[EventDate "2024.09.11"]
[WhiteTeam "Finland"]
[BlackTeam "Bolivia"]
[WhiteTeamCountry "FIN"]
[BlackTeamCountry "BOL"]

1. e4 g6 2. d4 Bg7 3. Nf3 c5 4. d5 d6 5. Be2 Nf6 6. Nc3 O-O 7. Bg5 ({RR} 7. Nd2 e6 8. Nc4 exd5 9. exd5 b6 10. Bf4 Ba6 11. Nxd6 Bxe2 12. Qxe2 Nh5 13. Be5 Bxe5 14. Qxe5 Nd7 15. Qe3 Ndf6 16. Qe5 Ng4 17. Qe2 f5 18. Nde4 Qd7 19. h3 Nf4 20. Qf3 fxe4 21. Qxg4 Qxg4 {1-0 Stefanova,A (2370)-Cebalo,M (2495) Cannes op 1996 (2)}) ({RR} 7. Nd2 a6 8. a4 e6 9. O-O exd5 10. exd5 Bf5 11. Nc4 h6 12. Bf4 Ne8 13. Bd3 Bxd3 14. Qxd3 g5 15. Bg3 f5 16. f3 f4 17. Bf2 Nd7 18. Ne4 Ne5 19. Nxe5 Bxe5 20. c3 Nf6 21. Rae1 Nxe4 {0-1 Kiladze,L (2173)-Murawski,J (1987) Titled Tue 28th May Late 2024 (3)}) 7... Na6 8. Qd2 Re8 $146 ({RR} 8... Nc7 9. a4 b6 10. O-O Bb7 11. Rad1 a6 12. Rfe1 Rb8 13. Bf1 Nd7 14. Bh6 f6 15. Bxg7 Kxg7 16. Nh4 Ba8 17. f4 b5 18. axb5 axb5 19. b3 b4 20. Na4 Bb7 21. Bc4 Ra8 22. Nf3 Ba6 23. Nb2 {0-1 Davila,E (2180)-Jimenez Molina,J (2240) Central America-ch 1997}) ({RR} 8... Nc7 9. a4 b6 10. Bh6 a6 11. O-O Bb7 12. Rfe1 Rb8 13. Bf1 Ba8 14. Nd1 b5 15. Bxg7 Kxg7 16. b4 cxb4 17. Qxb4 e6 18. dxe6 Nxe6 19. axb5 axb5 20. Nc3 Nc5 21. e5 Nfd7 22. exd6 Bxf3 23. gxf3 {½-½ Larsen,P (2259)-Jakobsen,O (2398) Politiken Cup 21st 1999 (4)}) 9. Bh6 Bh8 10. h3 Nc7 11. Ng5 Rb8 12. a4 a6 13. a5 b5 14. axb6 Rxb6 15. Ra2 Nb5 16. Na4 Rb8 17. c3 Nc7 18. O-O Bg7 19. Bxg7 Kxg7 20. Bd3 h6 21. Nf3 e6 22. dxe6 Rxe6 23. e5 Nd7 24. exd6 Rxd6 25. Qc2 Qf6 26. Re1 Bb7 27. Be4 Nd5 28. Raa1 Nf4 29. Bxb7 Rxb7 30. Re3 Re6 31. Rae1 Rxe3 32. Rxe3 Qc6 33. c4 Nf6 34. b3 Rd7 35. Nc3 Rd6 36. Ne4 Re6 37. Nxf6 Rxf6 38. Qc3 Kg8 39. Kh2 Re6 40. Qe1 Qd6 41. g3 Rxe3 42. Qxe3 Ne6 43. Qxh6 Qd1 44. Qe3 a5 45. Ne5 a4 46. bxa4 Qxa4 47. Qf3 Qa7 48. Qd5 Qa2 49. Kg2 Qb1 50. Qf3 Ng5 51. Qf4 Qb7+ 52. Kh2 Ne6 53. Qf6 Nd4 54. h4 Qc7 55. Nf3 Nxf3+ 56. Qxf3 Qe5 57. Kg2 Kg7 58. Qe3 Qd6 59. Qc3+ Kg8 60. Kf3 Qc6+ 61. Kf4 Qe6 62. Qd3 Qf6+ 63. Ke3 Qe5+ 64. Qe4 Qc3+ 65. Ke2 Qb2+ 66. Kf3 Qc3+ 67. Kg2 Qf6 68. Qd5 Qe7 69. Kh3 Kg7 70. g4 Qf6 71. Kg3 Qc3+ 72. Kg2 Qa3 73. h5 Qa7 74. Qe5+ f6 75. h6+ Kxh6 76. Qxf6 Qc7 77. f4 Qb7+ 78. Kg3 Qb3+ 79. Kh4 Qxc4 80. Qh8# 1-0

[Event "Olympiad Women 2024"]
[Site "Budapest HUN"]
[Date "2024.09.19"]
[Round "8.32"]
[Board "3"]
[White "Yepez Montenegro, Gloria Luz"]
[Black "Bederdin, Lilja"]
[Result "0-1"]
[WhiteElo "1818"]
[BlackElo "2065"]
[PlyCount "68"]
[EventDate "2024.09.11"]
[WhiteTeam "Bolivia"]
[BlackTeam "Finland"]
[WhiteTeamCountry "BOL"]
[BlackTeamCountry "FIN"]

1. d4 d5 2. c4 dxc4 3. e3 Nf6 4. Bxc4 e6 5. Nf3 a6 6. O-O c5 7. dxc5 Bxc5 8. Qxd8+ Kxd8 9. a4 b6 10. Nc3 Bb7 11. Ne5 Ke7 12. Nd3 Bd6 13. f3 $146 ({RR} 13. Re1 Nbd7 14. e4 Rac8 15. Ba2 Ne5 16. Bb1 Rhd8 17. Bg5 h6 18. Bxf6+ gxf6 19. Re3 Nc4 20. Rh3 Nxb2 21. Nxb2 Bb4 22. Ncd1 Rc1 23. f4 Rd2 24. Rb3 Bc5+ 25. Kf1 Bd4 26. Ke1 Rxg2 27. Rb4 Bc3+ {0-1 Maiko,A (2075)-Babiy,O (2168) UKR-ch U18 Girls 2007 (10)}) 13... Nbd7 14. Rd1 Rhd8 15. e4 Rac8 16. Ba2 Ne5 17. Nxe5 Bxe5 18. Be3 Rxd1+ 19. Rxd1 Nd7 20. Bd4 a5 21. Kf2 Ba6 22. g3 Bc4 23. Bxc4 Rxc4 24. Ke3 Rb4 25. f4 Bxd4+ 26. Rxd4 Rxb2 27. Rd2 Rxd2 28. Kxd2 Kd6 29. Kd3 Kc5 30. Na2 Nf6 31. e5 Nd5 32. Ke4 Kc4 33. Nc1 Nc3+ 34. Ke3 Nxa4 0-1

[Event "Olympiad Women 2024"]
[Site "Budapest HUN"]
[Date "2024.09.19"]
[Round "8.32"]
[Board "4"]
[White "Puuska, Heini"]
[Black "Molina, Jessica"]
[Result "0-1"]
[WhiteElo "1930"]
[BlackElo "1945"]
[PlyCount "78"]
[EventDate "2024.09.11"]
[WhiteTeam "Finland"]
[BlackTeam "Bolivia"]
[WhiteTeamCountry "FIN"]
[BlackTeamCountry "BOL"]

1. Nf3 Nf6 2. e3 b6 3. c4 Bb7 4. Be2 g6 5. b3 Bg7 6. Bb2 d6 7. O-O O-O 8. d3 c5 9. Nc3 $146 ({RR} 9. Nbd2 Nc6 10. a3 Qc7 11. Qc2 Rfe8 12. Ng5 e5 13. Nge4 Nd7 14. Bf3 f5 15. Nc3 Rad8 16. Nd5 Qb8 17. Rfe1 Nf6 18. Nxf6+ Bxf6 19. Bd5+ Kg7 20. f4 Qc7 21. Nf3 Bc8 22. Qf2 Ne7 23. fxe5 dxe5 {0-1 Farell Duran,J (1562)-Viudes Serra,A (1802) Llinars del Valles op-B 6th 2012 (5)}) 9... a6 10. Qc2 Nc6 11. a3 e6 12. Rfd1 Rc8 13. d4 cxd4 14. Nxd4 Nxd4 15. Rxd4 d5 16. Rad1 Qc7 17. Qd2 Nd7 18. Rh4 Rfd8 19. Na4 Nf6 20. Qc1 b5 21. cxb5 Qe7 22. Qb1 axb5 23. Bxb5 Ne4 24. Rh3 Bc6 25. Bd3 Bxa4 26. Bxg7 Kxg7 27. Bxe4 dxe4 28. bxa4 Rxd1+ 29. Qxd1 Qxa3 30. Qd4+ Kg8 31. g4 Qd3 32. Kg2 Rc1 33. g5 Qf1+ 34. Kg3 Qg1+ 35. Kf4 Qxf2+ 36. Ke5 Qf5+ 37. Kd6 Qxh3 38. Qb2 Rc8 39. Kd7 e5+ 0-1